000 00343 a2200157 4500
001 180389
020 _a
040 _cMagnum
100 _a-
240 1 0 _aAli baba e os 40 ladroes/globo
_lpor
245 1 0 _aAli baba e os 40 ladroes/globo
362 0 _a1899
440 1 _aGlobo
697 _aMAGNITO: IJ/AVENTURA, CRIANCAS
942 _cBK
999 _c180389
_d180389